000 00315nam a22001337a 4500
020 _a978-981-4304-13-9
041 _aENG
100 _aShepherd.W
245 _aElectricity Generation Using Wind Power
260 _aNew Jersey
_bWorld Scientific
_c2011
300 _a243
650 _aEOES
856 _uEOES ( 39 )
999 _c1276
_d1276